000 00305nam a22001337a 4500
008 170922b xxu||||| |||| 00| 0 eng d
020 _a9780312537593
041 _aeng
080 _211TH
_a37
100 _a46
101 _aEDU
245 _aPATTERNS FOR COLLEGE WRITING
_cKIRSZNER,L.G
942 _2udc
_cBK
999 _c29104
_d29104